00700nam a22001815i 450000100060000000300090000600500170001500700030003200800410003504000200007611000400009624501780013626000700031430000250038461000520040970000330046185200240049454908ES-MaACL20230906163039.0t|960729s1898 sp ||||1| spa d aCAM bspa cCAM2 aEscuela de Artes y Oficios (Bilbao)10aMemoria relativa al curso de 1897 a 1898 / cpresentada por ... Alberto de Gaminde, en sesión pública celebrada para la repartición de premios en 2 de octubre de 1898. aBilbao : b[s.n.], c1898 (fImprenta de la Casa de Misericordia) aIV, 45 p. ; c21 cm.24aEscuela de Artes y Oficios (Bilbao)-vMemorias.1 aGaminde y Alzuyeta, Alberto. aES-MaACLjT-870-F-6